|
|
|
|
| LEADER |
00000nam a2200000 4500 |
| 008 |
150806b2001 mx ||||| |||| 00| | spa d |
| 020 |
|
|
|a 9789688604250
|
| 090 |
|
|
|a 06.04.08
|b 922
|
| 100 |
1 |
|
|9 722
|a Verduzco Álvarez Icaza, María Angélica
|
| 245 |
1 |
0 |
|a Cómo poner límites a tus niños sin dañarlos: Respuesta a los problemas de disciplina más frecuentes practicando una educación positiva /
|c Ma. Angélica Verduzco Álvarez Icaza; Esther Murow Troice
|
| 260 |
|
|
|a México :
|b Editorial Pax México,
|c 2001
|
| 300 |
|
|
|a 133 páginas
|
| 650 |
1 |
4 |
|9 709
|a DISCIPLINA ESCOLAR
|
| 650 |
1 |
4 |
|9 723
|a DESARROLLO DEL NIÑO
|
| 650 |
1 |
4 |
|9 405
|a PADRES
|
| 700 |
1 |
|
|9 724
|a Murow Troice, Esther
|
| 942 |
|
|
|i 003787
|h 06.04.08 922
|2 z
|c 01
|
| 999 |
|
|
|c 2770
|d 2770
|